000 00539nam a22001697a 4500
999 _c8968
_d8968
008 210308b ||||| |||| 00| 0 eng d
040 _aBMS College of Architecture
100 _aAshtiani, Soleymani Sudeh
245 _aInternational convention center Bangalore
300 _a89p.
500 _a1BM08AT057
502 _8B.Arch
_NBMS College of Architecture, Visvesvaraya Technological University (VTU)
_aProject report
_d2013
650 _aBangalore
700 _aVaseem A S
_eGuide
700 _aSathish S Rao
_eGuide
942 _2ddc
_cTHE